000 00649nam a22002417a 4500
001 0169
003 DO-SdBNP
005 20171214092305.0
007 0169
008 151005b 200 2001 xxu 00| 0 spa d
020 _a0439384877
040 _aBPMSU
_bspa
_cBPMSU
092 _aXXXX
_bXXXX
100 1 _aDewey, Jennifer Owings
245 1 0 _aAntarctic journal
_bfour months at the botton of the world /
_cJennifer Owings Dewey
260 _aNew York :
_bScholastic,
_c2001.
300 _a64 p :
_bil.
_c23 cm.
504 _aBibliografia p: 64
910 _a144
942 _2ddc
_cBK
945 _ainventariado extranjero / DG
956 _aYngrid Lockward
999 _c9219
_d9219